00902cam a2200205Mi 450000500170000000800410001702000180005803500210007604000500009704100080014724501820015526000830033730000500042049000490047049000450051950000210056465000310058565000410061670000390065720260520150855.0151103s2013 ve d fr 000 0 spa d a9789801115663 a(OCoLC)891701401 aCO-BoUCMbspacSandra PalaciodSandra Palacio aspa01a¿Qué es un criminólogo? ba los veinte años de la Escuela de Criminología de la Universidad de Los Andes : memorias de un encuentro cSonia Boueiri Bassil, coordinadora aMérida (Venezuela)bUniversidad de los Andes. Consejo de publicacionesc2013 a226 páginasbTablas, gráficos y diagramas0 aColección Ciencias económicas y sociales0 aSerie Ciencias jurídicas y políticas aIncluye índice 7aCriminología zVenezuela 7aCriminología yAspectos judiciales1 aBoueiri Bassil, Soniaecoordinador